Statistics for Sport Losing Streaks

Click here to take the quiz!

General Stats

  • This quiz has been taken 9 times
  • The average score is 3 of 12

Answer Stats

Sport LeagueYear(s)Losing streak sizeAnswer% Correct
NFL Football1942-194529 GamesArizona Cardinals
50%
NBA2014-201628 GamesPhiladelphia 76ers
50%
NHL1974-197517 Games (Tie)Washington Capitals
50%
NHL1992-199317 Games (Tie)San Jose Sharks
38%
WWE2016-2019269 MatchesCurt Hawkins
25%
International Cricket2003-200410 Tests, 18 ODIsBangladesh
13%
MLB188926 GamesLouisville Colonels
13%
Premier League2002-200315 GamesSunderland
13%
Dota 2202028 MatchesB8
0%
MLS199912 GamesNew York/New Jersey MetroStars
0%
Overwatch League2018-201942 MatchesShanghai Dragons
0%
ATP Tennis1999-200021 MatchesVince Spadea
0%

Score Distribution

Percentile by Number Answered

Percent of People with Each Score

Your Score History

You have not taken this quiz